1610 1323 1308 1775 1781 1371 1590 1275 1791 1432 1654 1800 1533 1598 1876 1165 1504 1897 1622 1381 1684 1301 1874 1160 1928 1992 1544 1854 1689 1437 1338 1049 1091 1653 1618 1116 1786 1576 1994 1324 1328 1503 1106 1950 1808 1360 1989 1988 1356 1793 1674 1276 1327 1119 1588 1242 1759 1788 1101 1661 1123 1054 1430 1192 1683 1761 1895 1817 1889 1543 1380 1393 1530 1004 1919 1540 1686 1154 1637 1903 1332 1678 1701 1449 1431 1066 1777 1951 1641 1938 1620 1602 1073 1422 1103 1030 1989 1663 1202 BCNSPRNW ULIB Ver.6.0+V

เปลี่ยนเป็นภาษาไทย

Change to English
 แสดงรายละเอียดบรรณานุกรม
  กลับหน้าหลัก

Brief Record : Get Marc (ISO 2709) : E-mail record : QR code < ปิดหน้าต่าง
LEADER : 00000nam 2200000uu 4500
001    13399120592
003     ULIB
008    120928s2553||||th 000 0 tha d
020    ^a9746435477(ล.1)
020    ^a9789746435468
060  4 ^aWY100^bม111ก ล1
110 1  ^aมหาวิทยาลัยสุโขทัยธรรมาธิราช^bสาขาวิชาพยาบาลศาสตร์
245 00 ^aเอกสารการสอนชุดวิชา การพยาบาลชุมชนและการรักษาพยาบาลเบื้องต้น หน่วยที่1-7=^bCommunity nursing and primary medical care/^cมหาวิทยาลัยสุโขทัยธรรมาธิราช
246 0  ^aCommunity nursing and primary medical care
250    ^aพิมพ์ครั้งที่ 11
260    ^aนนทบุรี:^bศูนย์หนังสือมหาวิทยาลัยสุโขทัยธรรมาธิราช,^c2553
300    ^a600 หน้า
945    ^p245^l0^i18370
945    ^p245^l0^i18371
995    ^aวิภา
999    ^aใช้งานได้ทุกระบบ
รายการนี้ยังไม่มีแท็ก
คุณยังไม่ได้ล็อกอิน คุณสามารถมีกิจกรรมร่วมกับเว็บไซต์ได้ แต่ต้องล็อกอินก่อน ::
  ล็อกอิน

รายการสื่อสารสนเทศ

ลำดับที่ ประเภท เลขเรียก/บาร์โค้ด สถานที่ สถานะ
1. วิทยาศาสตร์การแพทย์ และสุขภาพ
วิทยาศาสตร์การแพทย์ และสุขภาพ
WY100 ม111ก ล1 ฉ.2 
  Barcode: 18371
ห้องสมุดวิทยาเขตนครสวรรค์
►ส่วนจัดเก็บหนังสือเก่า นว.
บนชั้น
  ขอยืม

BibComment


ยังไม่เคยถูกคอมเมนท์

คอมเมนท์ทรัพยากรรายการนี้
  คอมเมนท์: เอกสารการสอนชุดว..


 Copyright 2026. Bcnsprnw @Library